[Event "Barcelona Sant Marti op-B 21st"]
[Site "Barcelona"]
[Date "2019.07.16"]
[Round "4"]
[White "Shyrobokov, Mykyta"]
[Black "Fernandez Egea, Andres"]
[Result "0-1"]
[WhiteElo "1918"]
[BlackElo "1838"]
[PlyCount "68"]
[EventDate "2019.07.13"]
[EventType "swiss"]
[EventRounds "9"]
[EventCountry "ESP"]
[SourceTitle "EXT 2020"]
[Source "ChessBase"]
[SourceDate "2019.10.17"]
[SourceVersion "1"]
[SourceVersionDate "2019.10.17"]
[SourceQuality "1"]

1. a3 e5 2. c4 Nf6 3. Nc3 d5 4. cxd5 Nxd5 5. e4 Nxc3 6. bxc3 Bc5 7. Nf3 Qe7 8. Bc4 Nc6 9. 0-0 Bg4 10. h3 Bh5 11. Bd5 0-0 12. Bb2 Rad8 13. Qe2 Na5 14. g4 Bg6 15. Kg2 c6 16. Ba2 b5 17. d4 exd4 18. cxd4 Bb6 19. Rae1 a6 20. h4 h6 21. h5 Bh7 22. e5 Kh8 23. Rh1 c5 24. d5 c4 25. d6 Qe6 26. Kg3 Nb7 27. Bd4 Ba5 28. Rb1 Nxd6 29. Bc5 Ne4+ 30. Kh4 Nxc5 31. Rbg1 Nd3 32. g5 Rd5 33. gxh6 gxh6 34. Rg3 Bd8+ 0-1

[Event "Barcelona Sant Marti op-B 21st"]
[Site "Barcelona"]
[Date "2019.07.13"]
[Round "1"]
[White "Madrid Sole, Pedro"]
[Black "Shyrobokov, Mykyta"]
[Result "0-1"]
[WhiteElo "1590"]
[BlackElo "1918"]
[PlyCount "86"]
[EventDate "2019.07.13"]
[EventType "swiss"]
[EventRounds "9"]
[EventCountry "ESP"]
[SourceTitle "EXT 2020"]
[Source "ChessBase"]
[SourceDate "2019.10.17"]
[SourceVersion "1"]
[SourceVersionDate "2019.10.17"]
[SourceQuality "1"]

1. e4 c5 2. Nc3 d6 3. g3 Nc6 4. Bg2 g6 5. f4 Bg7 6. Nf3 e5 7. d3 Nge7 8. 0-0 0-0 9. Ne2 f5 10. c3 h6 11. Be3 Kh7 12. Qe1 b6 13. h3 Ba6 14. Rd1 Qc7 15. g4 Bxd3 16. Rxd3 fxe4 17. Ng5+ hxg5 18. Bxe4 exf4 19. Bc1 Rad8 20. h4 d5 21. Bh1 Qd7 22. hxg5 Qxg4+ 23. Bg2 f3 24. Rdxf3 Rxf3 25. Rxf3 Ne5 26. Rf4 Nd3 27. Rxg4 Nxe1 28. Bd2 Nd3 29. Rh4+ Kg8 30. Bh3 Nf5 31. Rg4 Re8 32. Nf4 Ne5 33. Rg2 Nf3+ 34. Kf1 N5h4 35. Rf2 d4 36. Bg4 dxc3 37. bxc3 Nxd2+ 38. Rxd2 Bxc3 39. Rd1 Rf8 40. Be6+ Kh8 41. Kf2 Rxf4+ 42. Kg3 Be5 43. Rd8+ Rf8+ 0-1